=LDR 00000nam 2200000 4500 =001 INLIS00000000000103 =005 20260702043538 =020 ##$$a 978-623-323-290-6 =082 ##$$a 362.198 =100 1#$$a Rahmawati, Roro =245 1 $$a Stunting "Pengertian, Titik Kritis, Ragam Dampak Dan Penyebab, Serta Pencegahannya" /$c Roro Rahmawati =300 ##$$a 154 ; 14 x 20 cm